Le mot politiquement correct (click quiz) - Statistiques

Statistiques générales
  • Ce quiz a été pris 101 fois
  • Le résultat moyen est 8 sur 8
Statistiques - réponses
Hint Réponse % Correct
Encore un verre de sirop d'anus ? Anis
98%
Le maçon voit des triques toute la journée. Briques
98%
Il s'est totalement perdu dans la moule. Foule
98%
En novembre, les températures commencent à baiser. Baisser
97%
Aujourd'hui, elle fête ses 80 verges. Berges
97%
Tu reprendras bien une petite roupette ? Coupette
97%
Le chasseur a laissé sa couille chez lui. Douille
95%
Tu aimes toujours autant fumer des burnes ? Brunes
94%
Aucun quiz correspondant
Distribution des résultats
% des personnes avec chaque résultat
Percentile par nombre de réponses
Votre historique - résultats
Vous n’avez pas pris ce quiz